| 000 | 00433nam a22001817a 4500 | ||
|---|---|---|---|
| 003 | CEME | ||
| 005 | 20210628205626.0 | ||
| 008 | 210309b xxu||||| |||| 00| 0 eng d | ||
| 020 | _a969-35-0441-0 | ||
| 040 | _c. | ||
| 082 | _a891.4393 QUR'A | ||
| 100 |
_aQurat-Ul-Ean Haider _976321 |
||
| 245 | _aAag ka dirya | ||
| 260 |
_aLAHORE _bSANG-E-MEEL _c1996 |
||
| 300 | _a575P | ||
| 650 |
_aURDU ADAB-NOVEL _920918 |
||
| 942 |
_cBK _2ddc |
||
| 999 |
_c581715 _d581715 |
||